| 000 | 00505nam a22001817a 4500 | ||
|---|---|---|---|
| 999 |
_c186137 _d186137 |
||
| 005 | 20220215124152.0 | ||
| 010 | _aENG-131590 | ||
| 020 |
_a9789354066528 _c120.00 |
||
| 035 | _aEN-115122 | ||
| 037 | _bDBAD | ||
| 082 | _a480 | ||
| 100 | _aIlavarsan, R. | ||
| 245 |
_aChemeen A Linguistic Analysis of English Translations/ _cR. Ilavarasan |
||
| 260 |
_aKumbakonam _bGovernent Arts College _c2020 |
||
| 270 | _bKumbakonam | ||
| 300 |
_a99p. _c21cm(pbk) |
||
| 942 |
_2ddc _cEN _h480 _mILA |
||